Programming languages : Principles and paradigms

Zapisane w:
Opis bibliograficzny
1. autor: Tucker, Allen B.
Format: Książka
Język:Undetermined
Wydane: Boston, MA. McGraw-Hill 2007
Hasła przedmiotowe:
Etykiety: Dodaj etykietę
Nie ma etykietki, Dołącz pierwszą etykiete!
Thư viện lưu trữ: Trung tâm Học liệu Trường Đại học Cần Thơ
LEADER 00577nam a2200205Ia 4500
001 CTU_124407
008 210402s9999 xx 000 0 und d
020 |c 399000 
082 |a 005.13 
082 |b T891 
100 |a Tucker, Allen B. 
245 0 |a Programming languages : 
245 0 |b Principles and paradigms 
245 0 |c Allen B. Tucker, Robert E. Noonan 
260 |a Boston, MA. 
260 |b McGraw-Hill 
260 |c 2007 
650 |a Programming languages ( Electronic computers ) 
904 |i Minh 
980 |a Trung tâm Học liệu Trường Đại học Cần Thơ